Meme Songs - Statistics

General Stats
  • This quiz has been taken 73 times
  • The average score is 4 of 15
Answer Stats
Hint Answer % Correct
Rick Astley Rickroll
86%
Shrek All Star
79%
PSY Gangnam Style
62%
Darude Sandstorm
59%
Ylvis What Does The Fox Say
30%
Noisestorm Crab Rave
27%
Bag Raiders Shooting Stars
25%
Russia Moskau
13%
Anime Giorno's Theme
10%
Japanese Meme Nyan Cat
8%
Video Game Among Us
6%
Eduard Khil Trolololol
5%
Simple Plan How Could This Happen To Me
3%
Blonde Redhead Damaged Coda
2%
Kids show Thomas The Tank Theme
2%
No matching quizzes found
Score Distribution
Percent of People with Each Score
Percentile by Number Answered
Your Score History
You have not taken this quiz